000 00658cam a22002291 4500
001 sa 67002195
003 DLC
005 20260227112329.0
008 891214s1965 ii b 000 0 hino
010 _asa 67002195
035 _a(OCoLC)20784645
040 _aDLC
_cWaU
_dNRU
_dDLC
050 0 0 _aPK2095.T8
_bZ75 1965
100 1 _aMadan, Indar Nath.
245 1 0 _aTulasīdāsa:
_bcintana aura kalā.
_cSampādana: Indranātha Madāna.
250 _a[2. nayā saṃskaraṇa]
260 _aDillī,
_bRājapāla
_c[1965]
300 _a297 p.
_c19 cm.
546 _aIn Hindi.
504 _aBibliographical footnotes.
600 0 0 _aTulasīdāsa,
_d1532-1623.
999 _c73110
_d73110